| 000 | 003530000a22001570004500 | ||
|---|---|---|---|
| 001 | 000134 | ||
| 003 | MACL | ||
| 040 | _aMACL | ||
| 090 |
_c134 _d134 |
||
| 100 | _aRai, Ganpat | ||
| 245 |
_aThomas Hardy's _bRealism & Pessimism _cGanpat Rai |
||
| 260 |
_aShipra Publications, _c1996 |
||
| 350 | _a250 | ||
| 650 | _aEnglish Literature | ||
| 942 |
_k820 _cBook |
||
| 999 |
_c49441 _d49441 |
||